00622cpcaa2200217 4500001001300000003000400013005001700017008004100034010001700075040002400092072001200116100003000128245006200158300001500220506002200235545001400257546003600271580005700307656002300364999001700387mm 82004048 DLC20260227111711.0821130|||||||||||| eng  amm 82004048  aDLCcDLCedacsdDLC 7aL2lcmd1 aCullis, Eva L. Woodworth.00aEva L. Woodworth Cullis autograph collection,f1944-1946. a55fitems.0 aOpen to research.0 aMusician. aCollection material in English. aForms part of: Miscellaneous Manuscripts collection. 7aMusicians.2itoamc c43376d43376